Statistics for All 4-Letter Words Starting with “F”

Click here to take the quiz!

General Stats

  • This quiz has been taken 1,122 times
    (136 since last reset)
  • The average score is 95 of 199

Answer Stats

Word% Correct
fade
85%
fart
85%
face
84%
fame
84%
fast
84%
fail
83%
fall
83%
fill
80%
fire
80%
fore
80%
fort
80%
fans
79%
farm
77%
feel
77%
fair
76%
fear
76%
fine
76%
foot
76%
four
76%
fare
74%
feet
74%
file
74%
fool
73%
flip
72%
free
72%
fads
71%
fats
71%
food
71%
form
71%
from
71%
f***
70%
fabs
70%
fist
70%
flop
70%
flow
70%
full
70%
fate
69%
flat
69%
figs
68%
find
68%
flew
68%
f***
67%
fact
67%
feed
67%
fish
67%
flap
67%
fell
66%
flee
66%
fain
65%
fits
64%
flit
64%
frog
64%
film
63%
flaw
63%
fogs
63%
fake
62%
fane
62%
felt
62%
five
62%
flan
61%
ford
61%
fork
61%
fret
61%
fang
60%
feat
60%
frat
60%
fins
59%
fave
58%
fees
58%
fund
58%
funs
58%
fend
57%
firs
57%
flay
57%
furs
57%
firm
56%
flea
56%
foal
56%
foil
55%
flag
54%
foul
54%
fest
53%
fibs
53%
fray
53%
flab
52%
fume
52%
funk
52%
fawn
51%
faze
51%
feds
51%
flax
50%
fled
50%
flam
49%
foam
49%
fobs
49%
fops
49%
fowl
49%
fens
48%
flue
48%
folk
48%
frag
48%
fuel
48%
fuse
48%
fash
47%
fays
47%
fond
47%
fern
46%
fete
46%
fado
45%
flak
45%
fuss
45%
flex
44%
fold
44%
foos
44%
frit
44%
faun
43%
fink
43%
flir
43%
frap
43%
farl
42%
faro
42%
fife
42%
flog
42%
feal
41%
feud
41%
flus
41%
font
41%
foxy
41%
frow
41%
fano
40%
fizz
40%
foss
39%
fess
38%
flub
38%
foes
38%
fora
38%
fuzz
38%
floe
37%
fury
37%
firn
35%
forb
35%
fard
34%
frig
34%
fets
33%
fley
33%
flic
33%
flux
33%
f***
32%
faff
32%
fugs
32%
faux
31%
fems
31%
feta
31%
filk
31%
filo
31%
fino
31%
foys
31%
furl
31%
floc
30%
fice
29%
froe
29%
fids
28%
fils
28%
fisc
28%
fava
27%
fere
27%
feeb
24%
fido
24%
fief
24%
fons
24%
feme
23%
fila
23%
fubs
22%
fuds
22%
falx
21%
fiat
21%
frae
21%
foci
19%
foin
18%
friz
17%
fico
16%
fogy
16%
fahs
15%
fumy
15%
fuze
14%
frug
13%
fuji
11%
fozy
10%
fugu
10%
fixt
9%
futz
9%
fiar
8%
feus
7%
fuci
7%
fohn
5%
fehs
4%
feod
4%
fyce
2%
fyke
2%

Score Distribution

Percentile by Number Answered

Percent of People with Each Score

Your Score History

You have not taken this quiz since the last reset